Kybernetika ve společenských vědách Mezin. sborník statí ; Uspoř. Jiří Zeman, Edvard Arab-Ogly, Arnošt Kolman

Bibliographic Details
Other Authors: Zeman, Jiří ([USP]), Arab-Ogly, Edvard ([USP]), Kolman, Arnošt ([USP])
Format: Book
Language:Czech
PhysicalDescription:318, [1] s. 8°
Published: Praha NČSAV 1965
Edition:1. vyd.

MARC

LEADER 00000nam a2200000 a 4500
001 vtls001155495
003 SK-MaSNL
005 20260301063225.0
008 210928s1965 CS 0 cze
035 |a SNK000098390 
040 |a SNK  |b slo  |c SNK  |e AACR2 
041 0 |a cze 
044 |a [CS] 
245 0 |a Kybernetika ve společenských vědách  |b Mezin. sborník statí ; Uspoř. Jiří Zeman, Edvard Arab-Ogly, Arnošt Kolman 
250 |a 1. vyd. 
260 |a Praha  |b NČSAV  |c 1965  |e S.l.Mír  |f Mír 
300 |a 318, [1] s.  |c 8° 
700 1 |a Zeman, Jiří  |4 [USP]  |9 378623 
700 1 |a Arab-Ogly, Edvard  |4 [USP]  |9 378624 
700 1 |a Kolman, Arnošt  |4 [USP]  |9 378625 
958 |a OND 
999 |c 623332  |d 625262 
952 |t P60, <04>, [BOOK], {604}  |a SNK  |b SNK  |y VYP  |7 0  |p 17A0202978  |o snkIC 37546  |0 0  |1 0  |4 0  |d 1999-07-15  |l 0  |r 2005-01-01 00:00:00  |w 2026-02-23